| 000 | 00977cam a22003014a 4500 | ||
|---|---|---|---|
| 001 | 13012479 | ||
| 003 | OSt | ||
| 005 | 20220107113103.0 | ||
| 008 | 021125s2003 njua 001 0 eng | ||
| 010 | _a 2002153331 | ||
| 020 | _a0131112023 | ||
| 038 | _aKhadija | ||
| 040 |
_aDLC _cDLC _dDLC |
||
| 042 | _apcc | ||
| 050 | 0 | 0 |
_aTA347.F5 _bM62 2003 |
| 082 | 0 | 0 |
_a620.00151535 _221 _bMOA |
| 100 | 1 |
_aMoaveni, Saeed. _987459 |
|
| 245 | 1 | 0 |
_aFinite Element Analysis : _btheory and application with ANSYS / _cSaeed Moaveni. |
| 250 | _a2nd ed. | ||
| 260 |
_aUpper Saddle River, NJ : _bPrentice Hall, _cc2003. |
||
| 300 |
_axiii, 822 p. : _bill. ; _c24 cm. |
||
| 563 | _aHB | ||
| 650 | 0 |
_aFinite element method _xData processing. _987460 |
|
| 650 | 0 |
_aANSYS (Computer system) _987458 |
|
| 906 |
_a7 _bcbc _corignew _d1 _eecip _f20 _gy-gencatlg |
||
| 942 |
_2ddc _cBK |
||
| 999 |
_c32573 _d32573 |
||